000 00683nam a2200217 u 4500
005 20210223130440.0
008 080520s2007 r 000 0 eng d
020 _a9789706138859
035 _aUPN01000156016
049 _aCG
050 4 _aPN6120 P5.7
_bA3.2
100 1 _aAdame, Pedro
245 1 4 _aLos hombres perversos del mar-- ¡piratas! /
_cPedro Adame, Alheed Astorga, Víctor Roldán.
260 _aMéxico :
_bOxford University,
_c2007.
300 _a52 p. :
_bil.
650 4 _aPIRATAS EN LA LITERATURA
_913665
650 4 _aTEATRO -
_vARGUMENTOS, TRAMAS, ETC.
_913666
700 1 _aAstorga, Alheed,
_ecoaut.
700 1 _aRoldán, Víctor,
_ecoaut.
905 _aLibro
999 _c128130
_d128130